000 00354 a2200133 4500
999 _c328293
_d328293
001 93220
003 NUST
005 20180120131114.0
008 180120b xxu||||| |||| 00| 0 eng d
020 _a978-0-349-13962-3
082 _a968.064092/MAN
100 _aMandela, Nelson
_99193
245 _aLong Walk to Freedom : The Autobiography of Nelson Mandela
260 _aLondon
_bAbacus
_c2014
300 _aix,768p.
942 _aCAE NUST
_cBK
_k968.064092/MAN
_2ddc